00846nam a2200253 i 4500003000900000005001700009008004100026017001600067020001500083040004300098082002300141100002900164245009000193264003600283300002300319336002200342337002400364338003300388546002400421650003100445650002600476700003400502856005600536EG-GICUC20260209184939.0260209s1986 be ||||fr ||| 00| 0 fre d a1986/0023/1 a2802703390 aEG-GICUCcEG-GICUCdEG-GICUCerdabfre04221a341.73bAR . C1 aArrassen,MohamedeAuteur aCinduite Des Hostilites Droit Des Conflits Armes Et Desarmement /cMohamed Arrassen . 0aBruxelles :bBruylant ,c1986 . a605 Pages;c30 cm. atext2rda content aComputer2rda media aOnline Resource2rda carrier aTexte en français04aDroit international public04aPaix Et Désarmement1 aBretton,PhilippeePréfacier uhttps://fll.law.cu.edu.eg/fulltext/th/B11-07538.pdf